| 000 | 00566nam a2200169Ia 4500 | ||
|---|---|---|---|
| 003 | GCL | ||
| 008 | 140319s9999 xx 000 0 ara d | ||
| 040 |
_aGCL / _cGCL |
||
| 082 | 0 | 4 |
_a913.031 _bم أ |
| 245 | 1 | 0 | _aاستخدام التقنيات الحديثة فى علم الاثار |
| 260 |
_aتونس : _bالمنظمة العربية للتربية والثقافة والعلوم |
||
| 300 |
_a276 ص ؛ _c24 سم |
||
| 650 | 0 | 4 | _aالاثار، علم |
| 650 | 0 | 4 | _aالاثار - التنقيب عن |
| 650 | 0 | 4 | _aالاثار - ترميم |
| 942 |
_2ddc _cBK |
||
| 999 |
_c3159 _d3159 |
||